Outlines of agriculture in Japan : Agricultural bureau. Deptment of agriculture and commerce, Tokyo

This book introduces about condition of agriculture, agricultural products, agricultural administration, formosa and karafuto.

Sparad:
Bibliografiska uppgifter
Materialtyp: Bok
Språk:Undetermined
Publicerad: Tokyo Agricultural bureau 1910
Ämnen:
Taggar: Lägg till en tagg
Inga taggar, Lägg till första taggen!
Thư viện lưu trữ: Trung tâm Học liệu Trường Đại học Cần Thơ
LEADER 00689nam a2200193Ia 4500
001 CTU_110175
008 210402s9999 xx 000 0 und d
082 |a 630 
082 |b O.94 
245 0 |a Outlines of agriculture in Japan : 
245 0 |b Agricultural bureau. Deptment of agriculture and commerce, Tokyo 
260 |a Tokyo 
260 |b Agricultural bureau 
260 |c 1910 
520 |a This book introduces about condition of agriculture, agricultural products, agricultural administration, formosa and karafuto. 
650 |a Agriculture,Nông nghiệp 
650 |z Japan,Nhật Bản 
904 |i Tuyến 
980 |a Trung tâm Học liệu Trường Đại học Cần Thơ